Pytania o Polsce - Statystyki

Ogólne statystyki
  • Ten quiz został rozwiązany 609 razy
  • Średni wynik to 10 z 15
Statystyki odpowiedzi
Zagadnienie Odpowiedź % Poprawnych
Prezydentem Polski jest Andzej Duda
100%
Polska Nie ma Komunizmu
100%
Nazwa Polski to Rzeczpospolita Polska
100%
Stolicą Polski jest Warszawa
100%
Polska ma 16 województw
90%
Stolicą przez Dłuszy czas Królestwa Polskiego była Kraków
90%
Z jakim państwem mamy tylko granicę morską Szwecją
90%
Jakie Państwo nie rozebrało ani razu Polskii Szwecja
80%
Jakiego sąsiada nie miala Polska w 1980 roku Litwa
70%
Najkrutższą granicę lądową z Polską ma Litwa
60%
Polska miała mieć Madagaskar
60%
Najdłuszczą granicę lądową z Polską ma Czechy
40%
Najwarzniejszą bitwą Polski i bardzo ważne dla historii świata Bitwa pod Warszawą
10%
Polska ma Nie znaną liczbę rodowitych rodaków
10%
Polska powstała w 1807 roku
0%
Nie znaleziono quizów pasujących do podanych kryteriów
Rozkład punktacji
Procent ludzi z każdym wynikiem
Percentyl według liczby udzielonych odpowiedzi
Twoja historia wyników
Nie rozwiązałeś tego quizu